000 01041nam a22003137a 4500
003 CHAP
005 20220329134147.0
008 971013s1962 mx a r 00010 spa d
010 _a16332
011 _a17304
035 _a21387
040 _cCHAP
090 _aTesis
100 0 0 _aGutiérrez Samperio, Jorge.
_951832
245 1 _aBiología de la langosta (Schistocerca paranensis Burm. en Yucatán
260 _aChapingo, Méx., :
_bEl autor,
_c1962
300 _a51 p.
_b: ilus
502 _aTesis (Ing. Esp. en Parasitología Agrícola) -- ENA. Departamento de Parasitología Agrícola
590 _aALEPH
_b10
_c20130110
_lUCH01
_h1239
590 _aBATCH-UPD
_b10
_c20130110
_lUCH01
_h2302
590 _aBATCH-UPD
_b10
_c20130410
_lUCH01
_h1554
590 _aBATCH-UPD
_b10
_c20130914
_lUCH01
_h2015
590 _aCONVERSION
_b10
_c20130109
_lUCH01
_h1310
650 1 4 _aSchistocerca paranensis.
_9103017
901 _aBK
942 _cFOLL
949 _bBC
_cTES
_d-49811
_eTS2
_i21387
_si
949 _bBC
_cTES
_d-49812
_eTS2
_fc.2
_i21387
_si
999 _c16332
_d16332